| 000 | 03654nab a22006617 4500 | ||
|---|---|---|---|
| 003 | AR-RoUNA | ||
| 005 | 20250224094451.0 | ||
| 008 | 241216b |||||||| |||| 00| 0 spa d | ||
| 022 | _a0327-9022 | ||
| 040 |
_aAR-RoUNA _bspa |
||
| 041 | _aspa | ||
| 044 | _aag | ||
| 245 | 0 | 0 | _aSumma+ |
| 260 |
_aBuenos Aires (Argentina): _cDonn SA, _b1993. |
||
| 300 |
_a148 p. : _bil. byn. _bplanos _c26x23 cm. |
||
| 505 | 0 | _tINDICE | |
| 505 | 0 | _tARQUITECTURA | |
| 505 | 0 | _aAslan y Ezcurra / Asociados, Primer Premio VII Bienal / Pre Bienal de Arquitectura BA´98 / AMPLIAR UNIENDO / Sede Administrativa Novartis. p.34 | |
| 505 | 0 | _aBenadon, Bedichevsky, Cherry, Robinsohn / Primer Premio del Comité Internacional de Críticos de Arquitectura CICA OFICINAS OFF CITY / Edificio Órganon Argentina. p.40 | |
| 505 | 0 | _aCarlos O. Mariani y María H. Pérez Maraviglia / SHERATON MAR DEL PLATA / Hotel Sheraton Mar del Plata. p.46 | |
| 505 | 0 | _aJorge Glusberg, Museo Hamburger Bahnhof en Berlín / RACIONALIDAD Y POESIA EN LA ARQUITECTURA DE JOSEF KLEIHUES. p.52 | |
| 505 | 0 | _tCIUDAD Y ECOLOGIA | |
| 505 | 0 | _aMartha Marengo de Tapia / ASI DIBUJABA THAYS / Exposición de dibujos de Carlos Thays en el Museo Nacional de Bellas Artes. p.59 | |
| 505 | 0 | _tTEXTOS / PRE BIENAL BA´98 | |
| 505 | 0 | _aFranco Purini / TRES CAMINOS p .64 | |
| 505 | 0 | _tARQUITECTURA / PRE BIENAL BA ´98 | |
| 505 | 0 | _aFernando Diez / LO PEQUEÑO ES HERMOSO / Mario Lara / Casas en Lima. p.70 | |
| 505 | 0 | _tTEXTOS / PRE BIENAL BA ´98 | |
| 505 | 0 | _aCayetana Mercé / ARQUITECTURA EFIMERA / Exposición Hierros, Ferros, Irons. p.84 | |
| 505 | 0 | _aAlfonso Corona Martínez / APUNTES AL PIE. p.76 | |
| 505 | 0 | _aFernando Diez / LA FUNCION DEBE CONTINUAR. p.79 | |
| 505 | 0 | _tARQUITECTURA / PRE BIENAL BA´98 | |
| 505 | 0 | _aCONCURSO MUSEO COSTANTINI. p.82 | |
| 505 | 0 | _aFernando Diez / DIALOGO CON GREGOTTI. p.86 | |
| 505 | 0 | _tPRE BIENAL BA´98 / DISEÑO | |
| 505 | 0 | _aExposición de platería italiana en el Museo Nacional de Bellas Artes / LA PLATA TAMBIEN RELUCE. p.90 | |
| 505 | 0 | _aPremio de la Pre Bienal de Arquitectura BA´98 / ...Y LOS GANADORES SON ....p.96 | |
| 505 | 0 | _tPRE BIENAL BA ´98 / COMUNICACION VISUAL | |
| 505 | 0 | _aPremios Prodaltex, Pre Bienal de Arquitectura BA´98 / ARTE DIGITAL. p.98 | |
| 505 | 0 | _aConcurso FV / Ferrum. Pre Bienal de Arquitectura BA ´98 / TRANSPARENTE PRIVACIDAD. p.102 | |
| 505 | 0 | _tDISEÑO DE INTERIORES | |
| 505 | 0 | _aCayetana Mercé / TIEMPO DE COCCION. p.104 | |
| 505 | 0 | _aFernando Diez / COCINAR EN NUEVA YORK / Studio Morsa. p.112 | |
| 505 | 0 | _tFRAGMENTOS | |
| 505 | 0 | _aJosep María Montaner / LECTURAS / La modernidad superada libro ¨LA MODERNIDAD SUPERADA. ARQUITECTURA, ARTE Y PENSAMIENTO DEL SIGLO XX¨. p.134 | |
| 505 | 0 | _aCátedra Arq. Jorge Lestard / UNIVERSITARIAS / Riachuelo, intervención urbana / Facultad de Arquitectura y Urbanismo. p.136 | |
| 505 | 0 | _aRoberto Fernández / TEXTURAS / Del encuentro fructífero de Don Gabo y Don Rogelio en Cartagena. p.138 | |
| 505 | 0 | _aJorge Glusberg / LECTURAS / Bellas Artes impresas / ¨San Martín - Lonné en el Museo Nacional de Bellas Artes. p.139 | |
| 505 | 0 | _aNicolás D´Angelo / APUNTES A MANO ALZADA / Palladio, Villa Rotonda. p.140 | |
| 505 | 0 | _tNOTICIAS. p.141 | |
| 505 | 0 | _aMario Sabugo / Francisco Salamone / REVELACIONES. p.146 | |
| 505 | 0 | _aAdriana Irigoyen / POST SCRIPTUM / Una ´philípica¨. .148 | |
| 773 | 0 |
_aSumma+: _dBuenos Aires, Argentina _gNº29 (feb-mar 1998 ) p.148 _x0327-9022 |
|
| 908 | _aImp | ||
| 942 |
_2udc _cART |
||
| 945 | _d2022-07-08 | ||
| 980 |
_6138 _aCarolina Rainero _gCarolina Rainero _8138 |
||
| 999 |
_c11796 _d11796 |
||